000
00186 a2200097 4500
020
_a
97884130235
041
_a
spa
100
_a
Lear EDward
245
_a
El buho y la Gatita
942
_c
BK
999
_c
31724
_d
31722